Odgadnij Piłkarza Po Podpowiedziach - Statystyki

Ogólne statystyki
  • Ten quiz został rozwiązany 89 razy
  • Średni wynik to 6 z 10
Statystyki odpowiedzi
Podpowiedzi Zawodnik % Poprawnych
Manchester CityNorwegia Napastnik 23 Lata Haaland
96%
Inter MiamiArgentyna Napastnik 36 Lat Messi
93%
LiverpoolHolandia Obrońca 32 Lata Van Dijk
80%
Paris SGMaroko Obrońca 25 Lat Hakimi
71%
Manchester Utd.Brazylia Pomocnik 31 Lat Casemiro
68%
BayernNiemcy Napastnik 20 Lat Musiala
49%
LiverpoolPortugalia Napastnik 27 Lat Diogo Jota
41%
LeverkusenHolandia Obrońca 23 Lata Frimpong
32%
West HamGhana Pomocnik 23 Lata Kudus
28%
NapoliGruzja Napastnik 22 Lata Kvaracchelia
3%
Nie znaleziono quizów pasujących do podanych kryteriów
Rozkład punktacji
Procent ludzi z każdym wynikiem
Percentyl według liczby udzielonych odpowiedzi
Twoja historia wyników
Nie rozwiązałeś tego quizu